000 00858nam a22002297a 4500
999 _c65695
_d65695
005 20240530110838.0
008 191209s2008 ua a f 000 0aara d
017 _a2008/26591
_bمصر. دار الكتب
020 _a9789770923061
040 _aEG-CaGPL
_cEG-CaGPL
082 0 4 _221
_a331.210962
_bق/ ع ج
100 0 _aعبدالخالق فاروق
245 1 0 _aجذور الفساد الادارى :
_bبيئة العمل وسياسات الاجور والمرتبات فى مصر (1963-2002) /
_cعبدالخالق فاروق
250 _aط.1
260 _aالقاهرة :
_bدار الشرق،
_c2008
300 _a374 ص. :
_bايض. ؛
_c24 سم.
650 0 7 _2qrmak
_aالقطاع الحكومى
_zمصر
650 0 7 _aالفساد الادارى
651 _2qrmak
942 _2ddc
_cBK